<?xml version="1.0" encoding="UTF-8"?><?xml-stylesheet type="text/xsl" href="static/style.xsl"?><OAI-PMH xmlns="http://www.openarchives.org/OAI/2.0/" xmlns:xsi="http://www.w3.org/2001/XMLSchema-instance" xsi:schemaLocation="http://www.openarchives.org/OAI/2.0/ http://www.openarchives.org/OAI/2.0/OAI-PMH.xsd"><responseDate>2026-04-17T16:08:04Z</responseDate><request verb="GetRecord" identifier="oai:www.recercat.cat:2072/480533" metadataPrefix="marc">https://recercat.cat/oai/request</request><GetRecord><record><header><identifier>oai:recercat.cat:2072/480533</identifier><datestamp>2025-02-03T23:54:53Z</datestamp><setSpec>com_2072_98</setSpec><setSpec>col_2072_378192</setSpec></header><metadata><record xmlns="http://www.loc.gov/MARC21/slim" xmlns:dcterms="http://purl.org/dc/terms/" xmlns:xsi="http://www.w3.org/2001/XMLSchema-instance" xmlns:doc="http://www.lyncode.com/xoai" xsi:schemaLocation="http://www.loc.gov/MARC21/slim http://www.loc.gov/standards/marcxml/schema/MARC21slim.xsd">
   <leader>00925njm 22002777a 4500</leader>
   <datafield ind2=" " ind1=" " tag="042">
      <subfield code="a">dc</subfield>
   </datafield>
   <datafield ind2=" " ind1=" " tag="720">
      <subfield code="a">López Llera, Teresa</subfield>
      <subfield code="e">author</subfield>
   </datafield>
   <datafield ind2=" " ind1=" " tag="260">
      <subfield code="c">2024</subfield>
   </datafield>
   <datafield ind2=" " ind1=" " tag="520">
      <subfield code="a">En el presente artículo, se estudia la sobreextensión, un fenómeno producido por el empleo o la comprensión de un mismo término para diferentes referentes, en el lenguaje infantil desde una concepción semántica, y considera el origen de esta como resultado de un vocabulario limitado por parte del infante. Dicha hipótesis es compartida por Leslie Rescorla (1980); Dorothy Hoek, David Ingram y Deborah Gibson (1986); y Thomson y Chapman (1977), cuyos artículos constituyen la base del análisis presentado en este trabajo. En él, es desarrollada una metodología a partir del supuesto de que las palabras conocidas deberían sobreextenderse solo en producción con referentes poco conocidos, mientras que las palabras desconocidas, deberían sobreextenderse en comprensión, sobre entidades poco habituales en el entorno del infante. Citada metodología, contempla el español como la lengua materna de los sujetos investigados, sin embargo, esta puede ser aplicada en otros individuos cuya lengua materna difiera. Los principales objetivos de la investigación consisten en esclarecer el origen de la sobreextensión y facilitar su estudio. A su vez, se busca reducir la participación de los progenitores de los sujetos de estudio en las investigaciones del lenguaje. Este artículo no pretende presentar una solución al enigma de la sobreextensión, sino constituir una base para futuros trabajos que continúen dicha línea de investigación.</subfield>
   </datafield>
   <datafield ind2=" " ind1=" " tag="520">
      <subfield code="a">This study examines overextension, a phenomenon characterized by the use or comprehension of a single term for multiple referents in children's language from a semantic standpoint, attributing its occurrence to the infant's limited vocabulary. This hypothesis is supported by the works of Leslie Rescorla (1980); Dorothy Hoek, David Ingram, and Deborah Gibson (1986); and Thomson and Chapman (1977), whose studies form the foundation of the analysis presented herein. The methodology developed in this paper is based on the assumption that known words are overextended only in production with less familiar referents, while unknown words are overextended in comprehension, particularly concerning uncommon entities in the child's environment. Although this study focuses on Spanish as the mother tongue of the subjects, the methodology is applicable to individuals with different native languages. The primary objectives of this research are to elucidate the origins of overextension and to facilitate its study. Additionally, the study aims to reduce the necessity for parental involvement in research on child language. This article does not purport to resolve the enigma of overextension; rather, it seeks to lay a foundation for future research.</subfield>
   </datafield>
   <datafield ind1="8" ind2=" " tag="024">
      <subfield code="a">http://hdl.handle.net/2072/480533</subfield>
   </datafield>
   <datafield tag="653" ind2=" " ind1=" ">
      <subfield code="a">Semántica</subfield>
   </datafield>
   <datafield tag="653" ind2=" " ind1=" ">
      <subfield code="a">Infancia</subfield>
   </datafield>
   <datafield tag="653" ind2=" " ind1=" ">
      <subfield code="a">Lenguaje hablado</subfield>
   </datafield>
   <datafield tag="653" ind2=" " ind1=" ">
      <subfield code="a">Lengua materna</subfield>
   </datafield>
   <datafield tag="653" ind2=" " ind1=" ">
      <subfield code="a">Lenguaje familiar</subfield>
   </datafield>
   <datafield tag="653" ind2=" " ind1=" ">
      <subfield code="a">Semantics</subfield>
   </datafield>
   <datafield tag="653" ind2=" " ind1=" ">
      <subfield code="a">Childhood</subfield>
   </datafield>
   <datafield tag="653" ind2=" " ind1=" ">
      <subfield code="a">Spoken language</subfield>
   </datafield>
   <datafield tag="653" ind2=" " ind1=" ">
      <subfield code="a">Mother tongue</subfield>
   </datafield>
   <datafield tag="653" ind2=" " ind1=" ">
      <subfield code="a">Colloquial language</subfield>
   </datafield>
   <datafield ind2="0" ind1="0" tag="245">
      <subfield code="a">La sobreextensión en el lenguaje infantil : aproximación teórica y propuesta metodológica para su estudio</subfield>
   </datafield>
</record></metadata></record></GetRecord></OAI-PMH>